Statistics for Total Drama World Tour Songs

Click here to take the quiz!

General Stats

  • This quiz has been taken 841 times
  • The average score is 13 of 29

Answer Stats

HintAnswer% Correct
First Song of the ShowCome Fly With Us
93%
Escaping ScarabsLovin' Time
78%
Frozen RegretStuck to a Pole
77%
Free FallingBefore We Die
72%
Escaping GatorsRowin' Time
72%
Surfer's GuiltI'm Sorry
69%
NYCWhat's not to Love?
66%
Harold's BalladBaby
59%
Owen's SadnessOh My Izzy
59%
Fishing SongSea Shanty
55%
Egg DropCondor
49%
Epee Pen StingsGypsy Rap
47%
Declaring WarBoyfriend Kisser
46%
Ms. FamousBlainerific
44%
Avalance WarningEine Kleine
43%
Alejandro's WarningSisters
43%
Red vs. BlueVersus
43%
Sierra's RageParis in the Springtime
40%
Al's Change of HeartThis Is How We Will End It!
38%
Race to MexicoI'm Gonna Make It
37%
Trank BallsWake Up
34%
Geoff's RevengeHer Real Name Isn't Blaineley
31%
TelathonSave the Show
25%
Secrets in the OlympicsGreek Fight For the Gold
22%
Waterloo Fashion StatementGwen's Face
22%
StripteaseChanging Guard
20%
Enjoy Your MealA Chinese Lesson
19%
Final ThreeWho You Gonna Root For?
19%
Remedial Task, Rock ConcertShear the Sheep
15%

Score Distribution

Percentile by Number Answered

Percent of People with Each Score

Your Score History

You have not taken this quiz